000 00291nam a2200121Ia 4500
008 191201s2019 xx 000 0 und d
100 _aICSI
245 0 _aExecutive Programme General and Commercial Laws
260 _aN. Delhi
_bICSI
_c29696
300 _a397
650 _aMBA
942 _2ddc
_cBK
999 _c490
_d490